Exploring Scanning Probe Microscopy with Mathematica, (Record no. 1493)

MARC details
000 -LEADER
fixed length control field 00501nam a22001817a 4500
003 - CONTROL NUMBER IDENTIFIER
control field OSt
005 - DATE AND TIME OF LATEST TRANSACTION
control field 20241217131549.0
008 - FIXED-LENGTH DATA ELEMENTS--GENERAL INFORMATION
fixed length control field 241217b |||||||| |||| 00| 0 eng d
020 ## - INTERNATIONAL STANDARD BOOK NUMBER
International Standard Book Number 9783527406173
040 ## - CATALOGING SOURCE
Original cataloging agency KMU
Language of cataloging eng
Transcribing agency KMU
Modifying agency KMU
Description conventions rda
050 ## - LIBRARY OF CONGRESS CALL NUMBER
Classification number QH212.S33
100 ## - MAIN ENTRY--PERSONAL NAME
Personal name Sarid, Dror
245 ## - TITLE STATEMENT
Title Exploring Scanning Probe Microscopy with Mathematica,
Statement of responsibility, etc. Dror Sarid.
260 ## - PUBLICATION, DISTRIBUTION, ETC.
Place of publication, distribution, etc. Wenhem:
Name of publisher, distributor, etc. Wiley-VCH,
Date of publication, distribution, etc. 2007.
300 ## - PHYSICAL DESCRIPTION
Extent 310p.;
Other physical details illustrations,
Dimensions 25cm.
650 ## - SUBJECT ADDED ENTRY--TOPICAL TERM
Source of heading or term Microscopy
942 ## - ADDED ENTRY ELEMENTS (KOHA)
Source of classification or shelving scheme Library of Congress Classification
Koha item type Non-Fiction
Suppress in OPAC No
Holdings
Withdrawn status Lost status Source of classification or shelving scheme Damaged status Not for loan Collection Home library Current library Shelving location Date acquired Source of acquisition Total Checkouts Full call number Barcode Date last seen Price effective from Koha item type
    Library of Congress Classification     Non-fiction Kapasa Makasa University Kapasa Makasa University Open Access 17.12.2024 ZLS   QH212.S33 Sar 301042 17.12.2024 17.12.2024 Non-Fiction